|
|
|
|
| LEADER |
01312nam a2200349 a 4500 |
| 001 |
36590 |
| 003 |
BD-DhAAL |
| 005 |
20191120170108.0 |
| 008 |
191120t19681949njua b 001 0 eng |
| 999 |
|
|
|c 41855
|d 41855
|
| 020 |
|
|
|a 0691017840
|
| 020 |
|
|
|a 0691097437
|
| 035 |
|
|
|a 2883562
|
| 040 |
|
|
|a ANL
|b eng
|d ANL
|d BD-DhAAL
|
| 050 |
0 |
0 |
|a BL313
|b .C28 1968
|
| 082 |
1 |
4 |
|a 291.13
|2 19
|
| 100 |
1 |
|
|a Campbell, Joseph,
|d 1904-1987.
|9 37434
|
| 245 |
1 |
4 |
|a The hero with a thousand faces /
|c by Joseph Campbell.
|
| 250 |
|
|
|a Second edition
|
| 260 |
|
|
|a Princeton, N.J. :
|b Princeton University Press,
|c c1949.
|
| 300 |
|
|
|a xxiii, 416 pages :
|b illustrations ;
|c 23 cm.
|
| 490 |
1 |
|
|a Bollingen series ;
|v 17
|
| 500 |
|
|
|a Second edition, 1968
|
| 504 |
|
|
|a Includes bibliographical references and index.
|
| 526 |
|
|
|a ESS
|
| 541 |
|
|
|a Complimentary copy from Professor Dr. Nasreen Khundker.
|e 36590
|
| 650 |
|
0 |
|a Mythology.
|9 37435
|
| 650 |
|
0 |
|a Psychoanalysis.
|9 37436
|
| 830 |
|
0 |
|a Bollingen series ;
|v 17.
|9 37437
|
| 852 |
|
|
|a Ayesha Abed Library
|c General Stacks
|
| 942 |
|
|
|2 ddc
|c BK
|
| 952 |
|
|
|0 0
|1 0
|2 ddc
|4 0
|6 291_130000000000000_CAM
|7 0
|9 67223
|a BRACUL
|b BRACUL
|c GEN
|d 2019-11-20
|e Complimentary copy from Professor Dr. Nasreen Khundker
|l 1
|m 30
|o 291.13 CAM
|p 3010036590
|q 2026-03-03
|r 2025-07-23
|s 2025-07-23
|t 1
|w 2019-11-20
|y BK
|